01307 a2200157 45000010006000000050017000060080041000230030015000640400040000790800169001192450026002882640034003143000019003485050761003671000021011285422420260407155812.0260407a1971 arg spa dAR-UNSa-BCEJYS aAR-UNSa-BCEJYSbspacAR-UNSa-BCEJYS a336.744xMoneda universal, mundial. Moneda internacional. Convenciones monetarias internacionales. Países con la misma moneda (Economía Monetaria Internacional)10aDólares y déficit 1aBuenos Aires :bEmecéc1971 a328 p.c18 cm. aPrimera parte: Inflación - 1. Inflación.Causas y consecuencias - 2. ¿Por qué la economía norteamericana está cubierto de la depresión? - 3. ¿Cuál es el precio de las pautas oficiales? - Segunda parte: Política monetaria - 4. Las lecciones de la historia monetaria de los Estados Unidos y su significacción en la política actual - 5. Política monetaria actual - 6. ¿Debería haber una autoridad monetaria independiente? - 7. La demanda de moneda - Tercera parte: El balance de pagos - 8. ¿A qué se debe la escasez de dólares? - 9. Tipos de cambio libres - 10. El oro y el dólar;Mayo de 1967-Marzo de 1968 - 11. Patrón oro real y pseudo patrón oro - 12. La economía política en los acuerdos monetarios internacionales1 aFriedman, Milton